00190nam a22000857a 4500008004100000082001100041245002700052300001000079440001500089180806b xxu||||| |||| 00| 0 eng d a813.52 aWorld HistorycPearson a2fCD x0131333585